Pokemon ZU - Statistiques

Statistiques générales
  • Ce quiz a été pris 2 fois
  • Le résultat moyen est 23 sur 166
Statistiques - réponses
Hint Réponse % Correct
ZU Farigiraf
100%
ZU Abomasnow
50%
ZU Appletun
50%
ZU Arbok
50%
ZU Arboliva
50%
ZU Ariados
50%
ZU Articuno
50%
ZU Braviary
50%
ZU Chimecho
50%
ZU Crabominable
50%
ZU Dachsbun
50%
ZU Eiscue
50%
ZU Electivire
50%
ZU Exeggutor
50%
ZU Flapple
50%
ZU Froslass
50%
ZU Glalie
50%
ZU Golem
50%
ZU Houndoom
50%
ZU Hypno
50%
ZU Lanturn
50%
ZU Lumineon
50%
ZU Luxray
50%
ZU Mabostiff
50%
ZU Magcargo
50%
ZU Magmortar
50%
ZU Mesprit
50%
ZU Minior
50%
ZU Minun
50%
ZU Morpeko
50%
ZU Muk
50%
ZU Noctowl
50%
ZU Oinkologne
50%
ZU Pachirisu
50%
ZU Passimian
50%
ZU Plusle
50%
ZU Sandaconda
50%
ZU Spidops
50%
ZU Sudowoodo
50%
ZU Tauros
50%
ZU Toedscruel
50%
ZU Toucannon
50%
ZU Tropius
50%
ZU Vikavolt
50%
ZU Weezing
50%
ZU Ampharos
0%
ZU Banette
0%
ZU Bastiodon
0%
ZU Beartic
0%
ZU Cacturne
0%
ZU Calyrex
0%
ZU Camerupt
0%
ZU Carbink
0%
ZU Charizard
0%
ZU Clawitzer
0%
ZU Cryogonal
0%
ZU Dedenne
0%
ZU Delibird
0%
ZU Dewgong
0%
ZU Dodrio
0%
ZU Drifblim
0%
ZU Dugtrio
0%
ZU Dugtrio-Alola
0%
ZU Dusknoir
0%
ZU Eelektross
0%
ZU Electrode
0%
ZU Exeggutor-Alola
0%
ZU Falinks
0%
ZU Flareon
0%
ZU Furret
0%
ZU Glaceon
0%
ZU Glastrier
0%
ZU Gogoat
0%
ZU Golduck
0%
ZU Golem-Alola
0%
ZU Gotithelle
0%
ZU Grafaiai
0%
ZU Granbull
0%
ZU Greedent
0%
ZU Grumpig
0%
ZU Gumshoos
0%
ZU Hitmonchan
0%
ZU Hitmontop
0%
ZU Honchkrow
0%
ZU Illumise
0%
ZU Indeedee-F
0%
ZU Jolteon
0%
ZU Jumpluff
0%
ZU Klawf
0%
ZU Komala
0%
ZU Kricketune
0%
ZU Lapras
0%
ZU Leafeon
0%
ZU Leavanny
0%
ZU Lilligant
0%
ZU Ludicolo
0%
ZU Lurantis
0%
ZU Luvdisc
0%
ZU Lycanroc
0%
ZU Lycanroc-Midnight
0%
ZU Malamar
0%
ZU Masquerain
0%
ZU Medicham
0%
ZU Meganium
0%
ZU Meowstic
0%
ZU Mightyena
0%
ZU Ninetales
0%
ZU Oranguru
0%
ZU Oricorio-Baile
0%
ZU Oricorio-Pa'u
0%
ZU Orthworm
0%
ZU Perrserker
0%
ZU Persian
0%
ZU Persian-Alola
0%
ZU Phione
0%
ZU Pincurchin
0%
ZU Poliwrath
0%
ZU Probopass
0%
ZU Pyoar
0%
ZU Rabsca
0%
ZU Raichu
0%
ZU Raichu-Alola
0%
ZU Rampardos
0%
ZU Regice
0%
ZU Regigigas
0%
ZU Regirock
0%
ZU Rotom
0%
ZU Rotom-Fan
0%
ZU Rotom-Frost
0%
ZU Rotom-Mow
0%
ZU Sableye
0%
ZU Samurott
0%
ZU Sandslash
0%
ZU Sawsbuck
0%
ZU Sceptile
0%
ZU Scovillain
0%
ZU Seviper
0%
ZU Shaymin
0%
ZU Shiftry
0%
ZU Slaking
0%
ZU Smeargle
0%
ZU Snorlax
0%
ZU Spiritomb
0%
ZU Squakabilly
0%
ZU Stonjourner
0%
ZU Sunflora
0%
ZU Swalot
0%
ZU Swanna
0%
ZU Tauros-Paldea-Combat
0%
ZU Torkoal
0%
ZU Trevenant
0%
ZU Typhlosion
0%
ZU Veluza
0%
ZU Venusaur
0%
ZU Vespiquen
0%
ZU Victreebel
0%
ZU Virizion
0%
ZU Vivillon
0%
ZU Volbeat
0%
ZU Whimsicott
0%
ZU Whiscash
0%
ZU Wigglytuff
0%
ZU Wugtrio
0%
ZU Wyrdeer
0%
ZU Zangoose
0%
ZU Zebstrika
0%
Aucun quiz correspondant
Distribution des résultats
% des personnes avec chaque résultat
Percentile par nombre de réponses
Votre historique - résultats
Vous n’avez pas pris ce quiz